Villes et lieux importants de Galar - Statistiques

Statistiques générales
  • Ce quiz a été pris 4 fois
  • Le résultat moyen est 15 sur 22
Statistiques - réponses
Réponse % Correct
Corrifey
100%
Kickenham
100%
Paddoxton
100%
Skifford
100%
Smashings
100%
Winscor
100%
Brasswick
75%
Greenbury
75%
Ludester
75%
Mine de Galar
75%
Mine de Galar n°2
75%
Motorby
75%
Old Chister
75%
Dojo de la maîtrise
50%
Forêt de Lumirinth
50%
Hameau gelé
50%
Tour de l'eau
50%
Tour des ténèbres
50%
Salle du réacteur
25%
Stade de Winscor
25%
Temple Couronne
25%
Tour Sheroz
25%
Aucun quiz correspondant
Distribution des résultats
% des personnes avec chaque résultat
Percentile par nombre de réponses
Votre historique - résultats
Vous n’avez pas pris ce quiz